00826nam a2200205 a 450000100100000000500170001000800410002704000250006808200160009310000350010924500400014426000430018430000340022750000620026191000370032304900090036095201140036995201200048399900170060300003063420200930062424.0110525s2010 dr 000 0 spa d aDO-SdBNPbspacBNPHU axxxxbR789p1 aRosario, Rolandod1963-95721910aPoemas al mundo /cRolando Rosario. aSanto Domingo :bUniversitaria,c2010. a56 p. :bil., retr. ;c22 cm. aIncluye datos biográfico del autor en la contracubierta aValidado. Control de calidad MFF aBNPD 0010718PDaPDbPDcHDd2011-05-25iLF1l0oxxxx R789pp30634-10r2020-06-25w2020-06-25yLFPDZNo se presta 0010718PDaPDbPDcHDd2011-05-25iLF1l0oxxxx R789pp30634-20r2020-06-25te. 2w2020-06-25yLFPDZNo se presta c30126d30126